000 00407nam a2200181Ia 4500
005 20240823041446.0
008 240823s9999||||xx |||||||||||||| ||und||
041 _aENGLISH
082 _A658.049 Q0
100 _aNalli Kupusami Settiyar
245 0 _aVettyin Varallaru
250 _a1st
260 _c2010
_bBrain
500 _aYES
650 _aTamil Books
_bGeneral
942 _cBK
999 _c205548
_d205548